| 000 | 00711nam a2200241Ia 4500 | ||
|---|---|---|---|
| 003 | 0100 | ||
| 005 | 20160504112650.0 | ||
| 008 | 130303s9999 xx 000 0 und d | ||
| 020 | _a0521354013 | ||
| 040 | _cARRUPELIB | ||
| 050 | _aB2797.A4 1999 | ||
| 100 |
_aKant, Immanuel _924358 |
||
| 245 | _aCorrespondence = Correspondence. English.Selections | ||
| 260 | _aCambridge | ||
| 260 | _bCambridge University Press | ||
| 300 | _axx | ||
| 300 | _b 639p. 24cm. | ||
| 440 |
_aThe cambridge edition of the works of Immanuel Kant _924359 |
||
| 650 |
_aPHILOSOPHY _924360 |
||
| 650 |
_bRacism -- United States -- Race relations _924361 |
||
| 700 |
_aZweig, Arnulf (tr.) _924362 |
||
| 942 |
_2lcc _cMONOGRAPH |
||
| 999 |
_c13221 _d13221 |
||